| 000 | 01556cas a22003371 4500 | ||
|---|---|---|---|
| 001 | 11143353 | ||
| 005 | 20010731163715.0 | ||
| 008 | 750410d1968nyuhr p| r i001 0 eng d | ||
| 010 | _a 48010196 | ||
| 022 | _a0071-3244 | ||
| 035 | _a(OCoLC)ocm01266138 | ||
| 040 |
_aDLC _cDI _dDLC _dOCoLC _dDLC _dOCoLC _dNST _dOCoLC _dMH _dNSDP _dNST _dInU |
||
| 042 | _alc | ||
| 050 | 0 | 0 |
_aJX1977.A37 _bE9 |
| 082 | 0 | 0 |
_a341.232 _bUNI _222 |
| 110 |
_910108 _aUnited Nations. _bDept. of Public Information |
||
| 245 | 0 | 0 |
_aEveryone's United Nations / _cOffice of Public Information, United Nations. |
| 260 |
_aNew York: _bUnited Nations. Office of Public Information, _c1986 |
||
| 300 |
_a484p.; _c22 cm. |
||
| 500 | _aDonated by: Alaa Abdel Ghany | ||
| 500 | _aTitle on cover: Everyone's United Nations: A Handbook on the Work of the United Nations | ||
| 550 | _aVols. for 1948-56 issued by the United Nations Dept. of Public Information; 1959-68 by its Office of Public Information. | ||
| 590 | _aSERBIB/SERLOC merged record | ||
| 610 | 2 | 0 |
_aUnited Nations. _99585 |
| 710 | 2 |
_aUnited Nations. _bOffice of Public Information. _99586 |
|
| 710 | 2 |
_aUnited Nations. _bDept. of Public Information. _99587 |
|
| 785 | 0 | 0 |
_tEveryone's United Nations _x0251-690X _w(DLC) 80644223 _w(OCoLC)6104926 |
| 942 |
_2ddc _cBB |
||
| 999 |
_c13074 _d13074 |
||